[Event "Mukachevo Summer op"]
[Site "Mukachevo"]
[Date "2018.07.06"]
[Round "7"]
[White "Rakhmangulova, Anastasiya"]
[Black "Bordovsky, Vladimir"]
[Result "0-1"]
[WhiteElo "2219"]
[BlackElo "2351"]
[PlyCount "62"]
[EventDate "2018.07.03"]
[EventType "swiss"]
[EventRounds "9"]
[EventCountry "UKR"]
[SourceTitle "CBM 185 Extra"]
[Source "ChessBase"]
[SourceDate "2018.07.29"]
[SourceVersion "1"]
[SourceVersionDate "2018.07.29"]
[SourceQuality "1"]

1. e4 e5 2. Nf3 Nc6 3. Bc4 Nf6 4. d3 Bc5 5. Bb3 d6 6. c3 h6 7. Nbd2 a6 8. 0-0 Ba7 9. Re1 g5 10. Nf1 g4 11. N3d2 h5 12. Nc4 g3 13. hxg3 Bg4 14. Qc2 h4 15. Be3 h3 16. f3 hxg2 17. Qxg2 Bh3 18. Qh2 Rh7 19. Bxa7 Bxf1 20. Qd2 Bh3 21. Bf2 Qe7 22. Ne3 Qd7 23. Bd1 0-0-0 24. g4 Rg8 25. Bg3 Nh5 26. Nf5 Ne7 27. Qf2 Nxf5 28. Qa7 Kd8 29. Bf2 Ne7 30. Qxb7 Nf4 31. Qxa6 Bxg4 0-1

[Event "Mukachevo Summer op"]
[Site "Mukachevo"]
[Date "2018.07.05"]
[Round "5"]
[White "Babiy, Igor"]
[Black "Bordovsky, Vladimir"]
[Result "1/2-1/2"]
[WhiteElo "2239"]
[BlackElo "2351"]
[PlyCount "116"]
[EventDate "2018.07.03"]
[EventType "swiss"]
[EventRounds "9"]
[EventCountry "UKR"]
[SourceTitle "CBM 185 Extra"]
[Source "ChessBase"]
[SourceDate "2018.07.29"]
[SourceVersion "1"]
[SourceVersionDate "2018.07.29"]
[SourceQuality "1"]

1. Nf3 d5 2. c4 d4 3. e3 c5 4. exd4 cxd4 5. g3 Nc6 6. d3 e5 7. a3 a5 8. Bg2 Bd6 9. 0-0 Nge7 10. Re1 Ng6 11. Nbd2 0-0 12. Qc2 Re8 13. c5 Bf8 14. Rb1 Be6 15. b4 axb4 16. axb4 Ra2 17. Qd1 Bd5 18. Nc4 e4 19. Bg5 f6 20. Qb3 exf3 21. Rxe8 Qxe8 22. Bxf3 Qe6 23. Bxd5 Qxd5 24. Qxa2 fxg5 25. Qe2 Nce5 26. Nxe5 Nxe5 27. Qe4 Qxe4 28. dxe4 Nf3+ 29. Kg2 g4 30. h3 h5 31. hxg4 hxg4 32. Ra1 d3 33. Kf1 Nd2+ 34. Ke1 Nxe4 35. Ra8 Kf7 36. Rd8 Be7 37. Rd4 Ng5 38. Rxd3 Ke6 39. Ke2 Nf3 40. Ra3 Kd5 41. Ra7 Kc6 42. b5+ Kxc5 43. Rxb7 Bf6 44. Ke3 Be5 45. Ke4 g6 46. Rd7 Bd6 47. b6 Nd2+ 48. Kd3 Nc4 49. Rd8 Nxb6 50. Ke4 Nc4 51. Rc8+ Kb5 52. Rg8 Nd2+ 53. Kd5 Bc5 54. Rxg6 Bxf2 55. Rxg4 Nf1 56. Rf4 Ne3+ 57. Ke4 Bxg3 58. Kxe3 Bxf4+ 1/2-1/2

[Event "RUS GP rap"]
[Site "Serpukhov"]
[Date "2018.02.24"]
[Round "7"]
[White "Bordovsky, Vladimir"]
[Black "Klimentov, Evgeny"]
[Result "1/2-1/2"]
[WhiteElo "2326"]
[BlackElo "2232"]
[PlyCount "106"]
[EventDate "2018.02.23"]
[EventType "swiss (rapid)"]
[EventRounds "11"]
[EventCountry "RUS"]
[SourceTitle "CBM 183 Extra"]
[Source "ChessBase"]
[SourceDate "2018.04.19"]
[SourceVersion "1"]
[SourceVersionDate "2018.04.19"]
[SourceQuality "1"]

1. Nf3 g6 2. d4 Bg7 3. c3 d5 4. Bg5 Nf6 5. Nbd2 0-0 6. e3 b6 7. a4 Ba6 8. Bxa6 Nxa6 9. Qe2 Qc8 10. 0-0 c5 11. Rfe1 e6 12. h3 Qb7 13. Ne5 Nb8 14. a5 Nbd7 15. a6 Qc7 16. f4 Rfc8 17. Qb5 Nxe5 18. fxe5 Nh5 19. Rf1 Rf8 20. Bh4 Bh6 21. Qe2 Ng7 22. g4 g5 23. Rf6 gxh4 24. Rxh6 f5 25. g5 f4 26. Rf6 fxe3 27. Qxe3 Nf5 28. Qf2 cxd4 29. cxd4 Qc2 30. Nf3 Qe4 31. Rf1 Rac8 32. Nd2 Qd3 33. Nf3 Rc2 34. Ne1 Rxf2 35. Nxd3 Rxf1+ 36. Kxf1 Nxd4 37. Nf4 Rxf6 38. exf6 Kf7 39. Kf2 h6 40. gxh6 Kxf6 41. Nd3 Kg6 42. Ke3 Nc6 43. b4 b5 44. Nf4+ Kxh6 45. Nxe6 Nxb4 46. Nc7 Kg5 47. Nxb5 Nxa6 48. Nxa7 Nb4 49. Nb5 Nc6 50. Nc7 Ne7 51. Ne6+ Kf5 52. Nd4+ Kg5 53. Nf3+ Kh5 1/2-1/2

[Event "RUS GP rap"]
[Site "Serpukhov"]
[Date "2018.02.24"]
[Round "11"]
[White "Bordovsky, Vladimir"]
[Black "Klimentov, Roman"]
[Result "0-1"]
[WhiteElo "2326"]
[BlackElo "2211"]
[PlyCount "114"]
[EventDate "2018.02.23"]
[EventType "swiss (rapid)"]
[EventRounds "11"]
[EventCountry "RUS"]
[SourceTitle "CBM 183 Extra"]
[Source "ChessBase"]
[SourceDate "2018.04.19"]
[SourceVersion "1"]
[SourceVersionDate "2018.04.19"]
[SourceQuality "1"]

1. Nf3 Nf6 2. d4 g6 3. Bg5 Bg7 4. Nbd2 d5 5. e3 0-0 6. Bd3 c6 7. 0-0 Nbd7 8. Re1 Re8 9. e4 dxe4 10. Nxe4 Nxe4 11. Rxe4 Nf6 12. Re1 Bg4 13. Be2 Qb6 14. Be3 Nd5 15. Qc1 Nxe3 16. fxe3 Rad8 17. h3 Bxf3 18. Bxf3 e5 19. c3 exd4 20. exd4 Bf6 21. Qf4 Kg7 22. b4 Qb5 23. Rf1 Bg5 24. Qc7 Rc8 25. Qg3 Bd2 26. Bg4 Qg5 27. Rf3 f5 28. Bxf5 gxf5 29. Qd6 Kh8 30. Rg3 Bf4 31. Rxg5 Bxd6 32. Rxf5 Re3 33. Rc1 Rce8 34. Rf6 Bg3 35. Rff1 Re1 36. c4 Rxc1 37. Rxc1 Re1+ 38. Rxe1 Bxe1 39. b5 cxb5 40. cxb5 Kg7 41. Kf1 Bc3 42. d5 Kf6 43. Ke2 Ke5 44. Kd3 Be1 45. Kc4 b6 46. g4 Bh4 47. a3 Bg5 48. a4 Be7 49. d6 Bxd6 50. h4 Be7 51. g5 Ke4 52. Kc3 Kf4 53. Kd4 Kg4 54. Kd5 Kxh4 55. Kc6 Kxg5 56. Kb7 Bb4 57. Kxa7 Ba5 0-1

[Event "RUS GP rap"]
[Site "Serpukhov"]
[Date "2018.02.24"]
[Round "10"]
[White "Iljiushenok, Ilia"]
[Black "Bordovsky, Vladimir"]
[Result "1-0"]
[WhiteElo "2528"]
[BlackElo "2326"]
[PlyCount "127"]
[EventDate "2018.02.23"]
[EventType "swiss (rapid)"]
[EventRounds "11"]
[EventCountry "RUS"]
[SourceTitle "CBM 183 Extra"]
[Source "ChessBase"]
[SourceDate "2018.04.19"]
[SourceVersion "1"]
[SourceVersionDate "2018.04.19"]
[SourceQuality "1"]

1. c4 Nf6 2. Nc3 d6 3. g3 g6 4. Bg2 Bg7 5. e4 e5 6. Nge2 0-0 7. 0-0 c6 8. d3 Be6 9. f4 Qb6+ 10. Kh1 Ng4 11. f5 Bd7 12. Qe1 Ne3 13. f6 Bh6 14. h3 Nc2 15. Qd1 Ne3 16. Qb3 Bg5 17. Qxb6 axb6 18. Rb1 h6 19. h4 Nxf1 20. hxg5 Nxg3+ 21. Nxg3 h5 22. a3 Bg4 23. Nf1 Nd7 24. Ne3 Be6 25. b4 Ra7 26. Bf3 Rfa8 27. Nc2 Kh7 28. Kg2 Rh8 29. Kg3 h4+ 30. Kxh4 Kg8+ 31. Kg3 Ra8 32. Ne3 Rh3+ 33. Kg2 Nf8 34. Ne2 Rh4 35. Ng1 Nd7 36. Kg3 Rh8 37. Bb2 Nf8 38. Ng4 Bxg4 39. Bxg4 Ne6 40. Nf3 Nf4 41. Rd1 c5 42. b5 Nh5+ 43. Kf2 Nf4 44. Bc1 Ne6 45. Kg3 Kf8 46. Nh4 Nd4 47. Ng2 Nc2 48. Rd2 Nd4 49. Bb2 Rh1 50. Ne3 Nb3 51. Rc2 Nd4 52. Rf2 Rg1+ 53. Kh2 Rb1 54. Nd5 Ne6 55. Nxb6 Rd8 56. a4 Nxg5 57. a5 Nh7 58. Bc3 Rb3 59. Nd5 Ng5 60. Bd2 Ne6 61. Bh6+ Ke8 62. Bxe6 fxe6 63. f7+ Kd7 64. Nb6+ 1-0

[Event "RUS GP rap"]
[Site "Serpukhov"]
[Date "2018.02.23"]
[Round "3"]
[White "Bordovsky, Vladimir"]
[Black "Morozevich, Alexander"]
[Result "1/2-1/2"]
[WhiteElo "2326"]
[BlackElo "2665"]
[PlyCount "84"]
[EventDate "2018.02.23"]
[EventType "swiss (rapid)"]
[EventRounds "11"]
[EventCountry "RUS"]
[SourceTitle "CBM 183 Extra"]
[Source "ChessBase"]
[SourceDate "2018.04.19"]
[SourceVersion "1"]
[SourceVersionDate "2018.04.19"]
[SourceQuality "1"]

1. Nf3 d5 2. d4 Bf5 3. e3 e6 4. c4 c6 5. Nc3 Nd7 6. Be2 h6 7. 0-0 Ngf6 8. b3 Bd6 9. Bb2 0-0 10. Rc1 a6 11. Na4 Ne4 12. Ne5 Bxe5 13. dxe5 b5 14. Nc3 Qa5 15. cxd5 cxd5 16. Qe1 Rfc8 17. Nxe4 Qxe1 18. Rfxe1 Bxe4 19. Bd4 Bc2 20. Bd1 Bxd1 21. Rexd1 Kf8 22. f4 Ke7 23. Kf2 Kd8 24. e4 dxe4 25. Ke3 Rxc1 26. Rxc1 h5 27. Kxe4 g6 28. Bf2 a5 29. a3 a4 30. b4 f5+ 31. Kf3 g5 32. Rc6 Ke7 33. g3 h4 34. gxh4 gxf4 35. Kxf4 Rg8 36. h3 Rg2 37. Bc5+ Nxc5 38. bxc5 Rf2+ 39. Kg5 Rg2+ 40. Kf4 Rf2+ 41. Kg5 Rg2+ 42. Kf4 Ke8 1/2-1/2

[Event "Lutsk Nebesna Sotnya Memorial blitz"]
[Site "Lutsk"]
[Date "2018.02.16"]
[Round "7"]
[White "Bordovsky, Vladimir"]
[Black "Bogdanovich, Stanislav"]
[Result "0-1"]
[WhiteElo "2326"]
[BlackElo "2560"]
[PlyCount "116"]
[EventDate "2018.02.16"]
[EventType "swiss (blitz)"]
[EventRounds "15"]
[EventCountry "UKR"]
[SourceTitle "CBM 182 Extra"]
[Source "ChessBase"]
[SourceDate "2018.02.23"]
[SourceVersion "1"]
[SourceVersionDate "2018.02.23"]
[SourceQuality "1"]

1. Nf3 Nf6 2. d4 g6 3. Bg5 Bg7 4. Nbd2 0-0 5. e4 d6 6. Bd3 Nc6 7. c3 h6 8. Bh4 e5 9. 0-0 exd4 10. cxd4 g5 11. Bg3 Nh5 12. Nb3 g4 13. Nh4 Nxd4 14. Nxd4 Bxd4 15. Be2 Bxb2 16. Rb1 Be5 17. Bxg4 Bxg3 18. hxg3 Ng7 19. Bxc8 Qxc8 20. Qd2 Kh7 21. Rb5 a6 22. Nf5 Nxf5 23. Rxf5 Qe6 24. Qf4 Qg6 25. Rf6 Qg5 26. Rxf7+ Rxf7 27. Qxf7+ Qg7 28. Qf5+ Kh8 29. Re1 Rf8 30. Qd5 Qb2 31. Rf1 Qb5 32. Qe6 Kg7 33. Qg4+ Qg5 34. Qd7+ Rf7 35. Qc8 Qb5 36. a4 Qb2 37. a5 c6 38. Qg4+ Kh7 39. Qe6 Qf6 40. Qc8 Qe5 41. f3 Qxg3 42. Qe6 Qg6 43. Qe8 Rg7 44. Qxg6+ Kxg6 45. Rd1 Rd7 46. f4 d5 47. Kf2 Kf6 48. g4 Ke6 49. e5 d4 50. Re1 Kd5 51. e6 Re7 52. f5 c5 53. Kf3 c4 54. Kf4 c3 55. Re5+ Kd6 56. f6 Rxe6 57. Rf5 c2 58. f7 c1Q+ 0-1

[Event "Lutsk Nebesna Sotnya Memorial blitz"]
[Site "Lutsk"]
[Date "2018.02.16"]
[Round "15"]
[White "Bordovsky, Vladimir"]
[Black "Khaetsky, Roman"]
[Result "0-1"]
[WhiteElo "2326"]
[BlackElo "2381"]
[PlyCount "106"]
[EventDate "2018.02.16"]
[EventType "swiss (blitz)"]
[EventRounds "15"]
[EventCountry "UKR"]
[SourceTitle "CBM 182 Extra"]
[Source "ChessBase"]
[SourceDate "2018.02.23"]
[SourceVersion "1"]
[SourceVersionDate "2018.02.23"]
[SourceQuality "1"]

1. Nf3 f5 2. d4 Nf6 3. g3 g6 4. Bg2 Bg7 5. 0-0 0-0 6. Nbd2 Nc6 7. c3 d6 8. Qb3+ e6 9. Re1 Kh8 10. e4 e5 11. exf5 gxf5 12. Ng5 e4 13. Nf7+ Rxf7 14. Qxf7 d5 15. f3 Qd6 16. fxe4 fxe4 17. Nxe4 dxe4 18. Bf4 Be6 19. Qxc7 Qxc7 20. Bxc7 Bf5 21. Be5 Re8 22. Bxf6 Bxf6 23. Rf1 Nxd4 24. cxd4 Bxd4+ 25. Kh1 Bg6 26. Rad1 Bxb2 27. Rde1 e3 28. Rf3 Bd4 29. Rf4 Bc3 30. Re2 Bd3 31. Bf3 Bxe2 32. Bxe2 Rd8 33. Kg2 Rd2 34. Kf3 Bd4 35. Rf7 Rxa2 36. Rxb7 Bb6 37. Rd7 Rd2 38. Re7 Rd6 39. Ke4 Kg8 40. Bc4+ Kh8 41. Be2 Kg8 42. Bc4+ Kh8 43. Be2 Kg8 44. Bc4+ Kh8 45. Be2 Kg8 46. Bc4+ Kh8 47. Ke5 Rd4 48. Re8+ Kg7 49. Rg8+ Kh6 50. Ba6 Ra4 51. Be2 Ra2 52. Bc4 e2 53. Bxe2 Rxe2+ 0-1

[Event "Lutsk Nebesna Sotnya Memorial blitz"]
[Site "Lutsk"]
[Date "2018.02.16"]
[Round "9"]
[White "Bordovsky, Vladimir"]
[Black "Simantsev, Mikhail"]
[Result "1-0"]
[WhiteElo "2326"]
[BlackElo "2486"]
[PlyCount "47"]
[EventDate "2018.02.16"]
[EventType "swiss (blitz)"]
[EventRounds "15"]
[EventCountry "UKR"]
[SourceTitle "CBM 182 Extra"]
[Source "ChessBase"]
[SourceDate "2018.02.23"]
[SourceVersion "1"]
[SourceVersionDate "2018.02.23"]
[SourceQuality "1"]

1. Nf3 Nf6 2. d4 e6 3. e3 c5 4. Bd3 b6 5. 0-0 Bb7 6. Nbd2 Nc6 7. c3 d5 8. Ne5 Nxe5 9. dxe5 Nd7 10. f4 Be7 11. e4 c4 12. Bc2 Nc5 13. Qg4 g6 14. f5 h5 15. Qh3 dxe4 16. fxe6 Nxe6 17. Ba4+ Kf8 18. Qxe6 Rh7 19. Qxg6 Rg7 20. Qxh5 Bc5+ 21. Kh1 e3 22. Nf3 e2 23. Re1 Qd3 24. Bh6 1-0

[Event "UKR-ch rapid"]
[Site "Omelnyk"]
[Date "2017.10.13"]
[Round "9"]
[White "Kovalev, Denis"]
[Black "Bordovsky, Vladimir"]
[Result "0-1"]
[WhiteElo "2504"]
[BlackElo "2321"]
[PlyCount "92"]
[EventDate "2017.10.12"]
[EventType "swiss (rapid)"]
[EventRounds "9"]
[EventCountry "UKR"]
[SourceTitle "CBM 181 Extra"]
[Source "ChessBase"]
[SourceDate "2017.12.12"]
[SourceVersion "1"]
[SourceVersionDate "2017.12.12"]
[SourceQuality "1"]

1. d4 d5 2. c4 Nc6 3. Nc3 dxc4 4. d5 Ne5 5. Nf3 Ng6 6. e4 e5 7. Bxc4 a6 8. h4 h5 9. Bg5 Nf6 10. Qd2 Bd6 11. a4 0-0 12. 0-0 Re8 13. Rfe1 Nf8 14. Nh2 N8h7 15. Be3 Ng4 16. Nxg4 Bxg4 17. f3 Bd7 18. g3 Qf6 19. Kg2 Kh8 20. Rab1 Rg8 21. Rh1 Raf8 22. b4 Qg6 23. Bd3 f5 24. exf5 Bxf5 25. Bxf5 Qxf5 26. Rhf1 g5 27. hxg5 Nxg5 28. Bxg5 Rxg5 29. Ne4 Rg6 30. b5 h4 31. g4 Kg7 32. Kh3 Qd7 33. Kxh4 Rf4 34. Qe2 Be7+ 35. Kg3 Qxd5 36. bxa6 bxa6 37. Rfd1 Qe6 38. Nf2 Rgf6 39. Ne4 Rxf3+ 40. Qxf3 Rxf3+ 41. Kxf3 Qf7+ 42. Kg2 Qf4 43. Ng3 Qxg4 44. Re1 Bd6 45. Rbd1 e4 46. Re3 Qxd1 0-1

[Event "UKR-ch sf"]
[Site "Omelnyk"]
[Date "2017.10.10"]
[Round "8"]
[White "Gasanov, Eldar"]
[Black "Bordovsky, Vladimir"]
[Result "1-0"]
[WhiteElo "2482"]
[BlackElo "2321"]
[PlyCount "55"]
[EventDate "2017.10.03"]
[EventType "swiss"]
[EventRounds "9"]
[EventCountry "UKR"]
[SourceTitle "CBM 181 Extra"]
[Source "ChessBase"]
[SourceDate "2017.12.12"]
[SourceVersion "1"]
[SourceVersionDate "2017.12.12"]
[SourceQuality "1"]

1. d4 Nf6 2. c4 c5 3. d5 e6 4. Nf3 exd5 5. cxd5 d6 6. e4 g6 7. Bd3 Bg7 8. 0-0 0-0 9. Re1 Re8 10. h3 Na6 11. Nc3 Nc7 12. a4 Nd7 13. Bf4 Qe7 14. Qd2 Ne5 15. Nxe5 Bxe5 16. Bxe5 Qxe5 17. f4 Qd4+ 18. Qe3 Qb4 19. e5 Qxb2 20. Bb5 Rd8 21. Rab1 Qa3 22. Bc4 b5 23. Rb3 Qxb3 24. Bxb3 c4 25. exd6 Rxd6 26. Qe5 Rd7 27. d6 cxb3 28. Ne4 1-0

[Event "Volchok Memorial"]
[Site "Mykolaiv"]
[Date "2017.06.23"]
[Round "4"]
[White "Bordovsky, Vladimir"]
[Black "Budnikov, Oleg"]
[Result "1/2-1/2"]
[WhiteElo "2376"]
[BlackElo "2417"]
[PlyCount "28"]
[EventDate "2017.06.21"]
[EventType "swiss"]
[EventRounds "9"]
[EventCountry "UKR"]
[SourceTitle "CBM 179 Extra"]
[Source "ChessBase"]
[SourceDate "2017.08.23"]
[SourceVersion "1"]
[SourceVersionDate "2017.08.23"]
[SourceQuality "1"]

1. e4 e5 2. Nf3 Nc6 3. Bc4 Bc5 4. c3 Nf6 5. d4 exd4 6. cxd4 Bb4+ 7. Bd2 Bxd2+ 8. Nbxd2 d5 9. exd5 Nxd5 10. Qb3 Na5 11. Qa4+ Nc6 12. Qb3 Na5 13. Qa4+ Nc6 14. Qb3 Nb8 1/2-1/2

[Event "Volchok Memorial"]
[Site "Mykolaiv"]
[Date "2017.06.23"]
[Round "5"]
[White "Lukiyanchuk, Vladislav"]
[Black "Bordovsky, Vladimir"]
[Result "1-0"]
[WhiteElo "2264"]
[BlackElo "2376"]
[PlyCount "73"]
[EventDate "2017.06.21"]
[EventType "swiss"]
[EventRounds "9"]
[EventCountry "UKR"]
[SourceTitle "CBM 179 Extra"]
[Source "ChessBase"]
[SourceDate "2017.08.23"]
[SourceVersion "1"]
[SourceVersionDate "2017.08.23"]
[SourceQuality "1"]

1. e4 c5 2. Nf3 d6 3. c3 Nf6 4. h3 Nc6 5. Bd3 e5 6. 0-0 Be7 7. Bc2 0-0 8. d4 Qc7 9. d5 Na5 10. b3 Bd7 11. Re1 b5 12. Be3 Nb7 13. Nbd2 Rfc8 14. Qe2 Qa5 15. Bd3 a6 16. Rec1 Qd8 17. Rcb1 Qe8 18. a4 Nd8 19. Rb2 g6 20. axb5 axb5 21. Rba2 Rab8 22. Ra7 Nh5 23. R1a6 f6 24. Qd1 Nf7 25. b4 c4 26. Be2 Bd8 27. Nh2 Ng7 28. g4 Kh8 29. Kh1 Ng5 30. Rxd6 Bc7 31. Rxf6 Nxh3 32. Bc5 Bb6 33. Rxb6 Rxc5 34. Qf1 Rxb6 35. bxc5 Rf6 36. Qxh3 Rxf2 37. Qe3 1-0

[Event "Lutsk Nebesna Sotnya Memorial rapid"]
[Site "Lutsk"]
[Date "2017.02.19"]
[Round "8"]
[White "Budnikov, Oleg"]
[Black "Bordovsky, Vladimir"]
[Result "1-0"]
[WhiteElo "2403"]
[BlackElo "2382"]
[PlyCount "77"]
[EventDate "2017.02.18"]
[EventType "swiss (rapid)"]
[EventRounds "11"]
[EventCountry "UKR"]
[SourceTitle "CBM 176 Extra"]
[Source "ChessBase"]
[SourceDate "2017.03.02"]
[SourceVersion "1"]
[SourceVersionDate "2017.03.02"]
[SourceQuality "1"]

1. Nf3 Nf6 2. c4 d6 3. d4 Bg4 4. Qb3 Qc8 5. g3 Nbd7 6. Bg2 c6 7. 0-0 e5 8. Qd1 Be7 9. Nc3 0-0 10. h3 Bh5 11. Nh4 Rd8 12. b3 Nf8 13. d5 cxd5 14. Nxd5 Nxd5 15. Qxd5 Bxh4 16. gxh4 Rd7 17. f4 Ng6 18. f5 Nxh4 19. Be4 h6 20. Kh2 Qc5 21. Qxc5 dxc5 22. Be3 Bxe2 23. Rf2 Bd3 24. Rd1 Bxe4 25. Rxd7 Nxf5 26. Bxc5 Bc6 27. Rd1 g6 28. Rfd2 Kg7 29. Rd8 Rxd8 30. Rxd8 a6 31. b4 Kf6 32. Rb8 e4 33. a4 e3 34. Kg1 Bxa4 35. Rxb7 Bb3 36. b5 axb5 37. cxb5 Ke5 38. b6 Kd5 39. Rd7+ 1-0

[Event "Lvov Bank op rapid"]
[Site "Lvov"]
[Date "2016.03.15"]
[Round "2"]
[White "Bordovsky, Vladimir"]
[Black "Volokitin, Andrei"]
[Result "1-0"]
[WhiteElo "2409"]
[BlackElo "2640"]
[PlyCount "121"]
[EventDate "2016.03.15"]
[EventType "swiss (rapid)"]
[EventRounds "11"]
[EventCountry "UKR"]
[SourceTitle "CBM 171 Extra"]
[Source "ChessBase"]
[SourceDate "2016.04.26"]
[SourceVersion "1"]
[SourceVersionDate "2016.04.26"]
[SourceQuality "1"]

1. Nf3 c5 2. b3 g6 3. Bb2 Nf6 4. g3 Bg7 5. Bg2 d5 6. 0-0 0-0 7. d3 Nc6 8. Nbd2 Qc7 9. e4 dxe4 10. dxe4 Rd8 11. Qe2 Nxe4 12. Nxe4 Bxb2 13. Rad1 Nd4 14. Qe3 Bf5 15. Ne1 Bg4 16. f3 Nf5 17. Rxd8+ Rxd8 18. Qe2 Nd4 19. Qf2 f5 20. fxg4 fxe4 21. Bxe4 Nf5 22. Kh1 Bd4 23. Qe2 Ne3 24. c3 Qe5 25. Rf4 Bxc3 26. Nd3 Rxd3 27. Qxd3 Bd4 28. Bxg6 Nd5 29. Bf7+ Kg7 30. Bxd5 Qxd5+ 31. Qe4 Qxe4+ 32. Rxe4 e5 33. Kg2 b5 34. Kf3 Kf6 35. Re2 c4 36. bxc4 bxc4 37. Ke4 Ke6 38. h4 h6 39. g5 hxg5 40. hxg5 c3 41. Rh2 Kf7 42. Kf5 Be3 43. g6+ Kg8 44. Kf6 e4 45. g7 Bd4+ 46. Kf5 e3 47. Ke4 Bc5 48. Kd3 Kxg7 49. Kxc3 Kg6 50. Kd3 Kg5 51. Rh4 Bb6 52. Rb4 Kf5 53. Rxb6 axb6 54. Kxe3 Kg4 55. Kd4 Kxg3 56. Kc4 Kf4 57. Kb5 Ke5 58. Kxb6 Kd6 59. a4 Kd7 60. Kb7 Kd6 61. a5 1-0

[Event "Lutsk Nebesna Sotnya Memorial rap"]
[Site "Lutsk"]
[Date "2016.02.21"]
[Round "10"]
[White "Mirzoev, Emil"]
[Black "Bordovsky, Vladimir"]
[Result "1-0"]
[WhiteElo "2424"]
[BlackElo "2425"]
[PlyCount "71"]
[EventDate "2016.02.20"]
[EventType "swiss (rapid)"]
[EventRounds "11"]
[EventCountry "UKR"]
[SourceTitle "CBM 171 Extra"]
[Source "ChessBase"]
[SourceDate "2016.04.26"]
[SourceVersion "1"]
[SourceVersionDate "2016.04.26"]
[SourceQuality "1"]

1. d4 Nc6 2. Nf3 d5 3. c4 Bg4 4. Nc3 e6 5. Bg5 Be7 6. Bxe7 Ngxe7 7. e3 0-0 8. cxd5 Nxd5 9. Be2 Qd6 10. 0-0 Nxc3 11. bxc3 Rad8 12. h3 Bf5 13. Bd3 Bg6 14. Bxg6 hxg6 15. Qa4 b6 16. Qb5 Rfe8 17. Rfd1 Qd5 18. c4 Qxb5 19. cxb5 Na5 20. Rac1 Re7 21. Rc3 f6 22. Rdc1 Rdd7 23. Kf1 Kf7 24. Ne1 Ke8 25. Nd3 Kd8 26. Nb4 e5 27. d5 e4 28. f3 g5 29. Kf2 f5 30. f4 gxf4 31. exf4 Kc8 32. Ke3 Rf7 33. a4 Nb7 34. Kd4 Nc5 35. Ra1 Kb7 36. a5 1-0

[Event "Lutsk Nebesna Sotnya Memorial rap"]
[Site "Lutsk"]
[Date "2016.02.20"]
[Round "6"]
[White "Bordovsky, Vladimir"]
[Black "Kuzubov, Yuriy"]
[Result "0-1"]
[WhiteElo "2425"]
[BlackElo "2635"]
[PlyCount "66"]
[EventDate "2016.02.20"]
[EventType "swiss (rapid)"]
[EventRounds "11"]
[EventCountry "UKR"]
[SourceTitle "CBM 171 Extra"]
[Source "ChessBase"]
[SourceDate "2016.04.26"]
[SourceVersion "1"]
[SourceVersionDate "2016.04.26"]
[SourceQuality "1"]

1. Nf3 f5 2. e4 fxe4 3. Ng5 Nf6 4. d3 e5 5. Nc3 Bb4 6. dxe4 h6 7. Nf3 d6 8. Bd3 Bg4 9. h3 Bh5 10. Bd2 Nc6 11. a3 Bxc3 12. Bxc3 Qd7 13. Qe2 Rf8 14. 0-0-0 0-0-0 15. Kb1 Kb8 16. Rhg1 Qe7 17. g4 Be8 18. h4 h5 19. g5 Nd7 20. b4 Rc8 21. Bb2 Nd8 22. Rg3 Ne6 23. Bc4 Nf4 24. Qf1 Ng6 25. Bd3 Bf7 26. c4 Be6 27. Rc1 Rf7 28. c5 dxc5 29. bxc5 Rcf8 30. c6 Nc5 31. Nxe5 Nxe5 32. Bxe5 Rxf2 33. Bf6 Ba2+ 0-1

[Event "Lutsk Nebesna Sotnya Memorial rap"]
[Site "Lutsk"]
[Date "2016.02.20"]
[Round "4"]
[White "Bordovsky, Vladimir"]
[Black "Zubarev, Alexander2222"]
[Result "0-1"]
[WhiteElo "2425"]
[BlackElo "2556"]
[PlyCount "130"]
[EventDate "2016.02.20"]
[EventType "swiss (rapid)"]
[EventRounds "11"]
[EventCountry "UKR"]
[SourceTitle "CBM 171 Extra"]
[Source "ChessBase"]
[SourceDate "2016.04.26"]
[SourceVersion "1"]
[SourceVersionDate "2016.04.26"]
[SourceQuality "1"]

1. Nf3 Nf6 2. c4 b6 3. g3 Bb7 4. Bg2 c5 5. 0-0 g6 6. b3 Bg7 7. Bb2 0-0 8. Nc3 Na6 9. Rc1 Rc8 10. e3 e6 11. Nb5 d5 12. a3 dxc4 13. bxc4 Nc7 14. Nxa7 Ra8 15. Nb5 Nxb5 16. cxb5 Ra5 17. a4 Qa8 18. Ra1 Rd8 19. Bc3 Ra7 20. Nh4 Ne4 21. Bxg7 Kxg7 22. d3 c4 23. d4 c3 24. Bxe4 Bxe4 25. f3 Bd5 26. e4 Bc4 27. Re1 Bxb5 28. Qb3 Rxa4 29. Qxc3 Qc6 30. Qxc6 Bxc6 31. Rxa4 Bxa4 32. Rb1 b5 33. Rb4 Rc8 34. Ng2 Rc1+ 35. Kf2 Rc2+ 36. Kg1 Kf6 37. h4 Ke7 38. g4 Kd8 39. Kh2 Kc7 40. Kg3 Kb6 41. Ne3 Rc3 42. Kf4 Ka5 43. Rb2 b4 44. e5 Bc6 45. Ra2+ Kb6 46. Rb2 Kb5 47. Rd2 b3 48. d5 Bxd5 49. Nxd5 exd5 50. Rxd5+ Kc4 51. Rd8 b2 52. Rc8+ Kd3 53. Rb8 Kc2 54. Rxb2+ Kxb2 55. Kg5 Rxf3 56. Kh6 Kc3 57. Kxh7 Kd4 58. e6 fxe6 59. Kxg6 e5 60. h5 e4 61. h6 e3 62. h7 Rh3 63. Kg7 e2 64. h8Q Rxh8 65. Kxh8 e1Q 0-1

[Event "Lutsk Nebesna Sotnya Memorial blitz"]
[Site "Lutsk"]
[Date "2016.02.19"]
[Round "13"]
[White "Polivanov, Anatoliy"]
[Black "Bordovsky, Vladimir"]
[Result "1-0"]
[WhiteElo "2426"]
[BlackElo "2425"]
[PlyCount "120"]
[EventDate "2016.02.19"]
[EventType "swiss (blitz)"]
[EventRounds "22"]
[EventCountry "UKR"]
[SourceTitle "CBM 170 Extra"]
[Source "ChessBase"]
[SourceDate "2016.02.25"]
[SourceVersion "1"]
[SourceVersionDate "2016.02.25"]
[SourceQuality "1"]

1. e4 e5 2. Nf3 Nc6 3. Bb5 Nge7 4. c3 d6 5. d3 g6 6. 0-0 Bg7 7. Nbd2 0-0 8. Re1 h6 9. Nf1 Kh7 10. d4 exd4 11. Nxd4 Bd7 12. Ng3 Nxd4 13. Bxd7 Qxd7 14. cxd4 d5 15. e5 Nf5 16. Ne2 c5 17. dxc5 Bxe5 18. Nf4 Bd4 19. Nd3 Rae8 20. Bf4 Re4 21. Rxe4 dxe4 22. Ne5 Qe6 23. Ng4 Bxc5 24. Rc1 b6 25. Qd7 Qxd7 26. Nf6+ Kg7 27. Nxd7 Rd8 28. Nxc5 bxc5 29. Kf1 Rd5 30. Be3 Nxe3+ 31. fxe3 Kf6 32. Ke2 Ke5 33. Rc4 f5 34. g3 g5 35. Ra4 Rd7 36. Ra5 Rc7 37. b4 Kd5 38. Kd2 Kc4 39. bxc5 Rxc5 40. Rxa7 f4 41. gxf4 gxf4 42. exf4 Rh5 43. Ke3 Rxh2 44. Kxe4 h5 45. Rh7 Rxa2 46. Rxh5 Re2+ 47. Kf5 Kd5 48. Kf6+ Kd6 49. Re5 Rh2 50. Re6+ Kd7 51. f5 Rh6+ 52. Kf7 Rh7+ 53. Kg6 Rh1 54. Re2 Rg1+ 55. Kf7 Rg3 56. f6 Kd6 57. Kf8 Rg5 58. f7 Ra5 59. Kg7 Rg5+ 60. Kf6 Kd5 1-0